000 00881nam a2200193 a 4500
001 000031145
005 20200930062731.0
008 110614s2005 dr a 000 0 spa d
040 _aDO-SdBNP
_bspa
_cBNPHU
041 1 7 _aspa
_hfre
_2Código de idioma MARC
082 _axxxx
_bC436
245 0 0 _a"Chalcographies du Louvre" : "L´Héritage classique interprété par des artistas contemporains = Calcografías del Louvre : "El legado clásico interpretado por artistas contemporáneos" /
_ctexto Pascal Torres Guardiola.
246 0 2 _aCalcografías del Louvre : "El legado clásico interpretado por artistas contemporáneos"
260 _aSanto Domingo :
_bMuseo Bellapart,
_c2005.
300 _a132 p. :
_bil., retrs ;
_c26 cm.
500 _aExposición presentada en el Museo de Bellapart en septiembre-octubre 2005
700 1 _aTorres Guardiola, Pascal
_957619
049 _aBNPD
999 _c30637
_d30637